| 000 | 01352nam a2200289 a 4500 | ||
|---|---|---|---|
| 001 | BRCA_5149 | ||
| 005 | 20190320204948.0 | ||
| 008 | 221110s1810----mx-#######---#000-0#spa-# | ||
| 041 | _aspa | ||
| 044 | _amx | ||
| 084 |
_aDOC136 _b.H53 _c1810 |
||
| 100 | 1 |
_aHidalgo y Costilla, Miguel _d1753-1811 _94667 |
|
| 245 | 1 | 0 |
_aDocumento firmado por Don Miguel Hidalgo y Costilla _cMiguel Hidalgo y Costilla. |
| 260 |
_aMéxico _c1810 |
||
| 300 |
_a[1] foja _c13 x 24 cm. |
||
| 500 | _aDocumento firmado el 29 de septiembre de 1810. | ||
| 500 | _aMiguel Hidalgo y Costilla ´Generalísimo de América´ extiende y firma un recibo a Don Francisco Rosales Administrador de la Hacienda perteneciente a Don Ignacio Garza Illueca por concepto de 100 reses, 105 carneros, 1 cabra, 8 mulas de tiro, 11 caballos y 1 macho de carga para el servicio de su ejército. | ||
| 500 | _aEl documento contiene la leyenda DOC. #136. | ||
| 506 | 0 | _aFondo Reservado. Para su consulta es necesario credencial de usuario y carta de motivos. | |
| 546 | _aTexto en: español de principios del siglo XIX. | ||
| 600 | 1 | 4 |
_aHidalgo y Costilla, Miguel _d1753-1811 _xHistoria _913164 |
| 651 | 4 |
_aMéxico _xHistoria _yGuerra de Independencia, 1810-1821 _913165 |
|
| 700 | 1 |
_aRosales, Francisco _913166 |
|
| 700 | 1 |
_aGarza Illueca, Ignacio _913167 |
|
| 902 | _aFDH | ||
| 942 |
_2lcc _cD |
||
| 999 |
_c4843 _d4843 |
||